000 01219nam a2200337 i 4500
003 DO-SdBNP
005 20250509170322.0
006 a||||fr|||| 00| 0
007 ta
008 230712e1984 dr ad||| |||| 00| 0 spa d
040 _aDO-SdBNP
_bspa
_cBNPHU
_erda
082 4 _222
_a370
_bM826i
100 1 _aMoquete de la Rosa, Jacobo
_91678
245 _aIntroducción a la educación:
_bpedagogía general. /
_cJacobo Moquete.
250 _a9a. edición
264 1 _aSanto Domingo :
_bUniversitaria - UASD,
_c1984
300 _a360 páginas :
_bIlustraciones, gráficas ;
_c21 cm
336 _2rdacontent
_atexto
_btxt
337 _2rdamedia
_asin medición
_bn
338 _2rdacarrier
_avolumen
_bnc
490 _aEducación y Sociedad ;
_v8
500 _aIncluye datos biográficos del autor en la contracubierta.
500 _aIncluye bibliografía y notas al pie de páginas.
504 _aBibliografía: páginas [357 - 360]
590 _aInventariado 2023 / MF
650 0 _aEducación
_951588
650 0 _aPedagogía
_9693
650 0 _aEducación
_xFilosofía
_93186
830 _aPubliciones de la Universidad Autónoma de Santo Domingo ;
_lspa
_n268
_pEducación y Sociedad
_983761
942 _2ddc
_cLBS1
999 _c54159
_d54159